000 00740nam a2200217Ii 4500
001 11218
003 CO-ViMGA
008 241108s9999||||xx |||||||||||||| ||und||
020 _a8475420516
040 _aCO-ViMGA
_bspa
_erda
_cCO-ViMGA
041 0 _aunk
082 0 4 _a910.02-G232
100 1 _aCarlos Garaikoetxea
_953852
245 1 0 _a<El> LeHendakari en América:
_bViaje del presidente del Gobierno Vasco D. Carlos Garaikoetxea a Panamá, Caracas y Bogotá
264 1 _a[Lugar de publicación no identificado] : Gráficas Santamaría, 1983
300 _avolumen
336 _atext
_btxt
_2rdacontent
337 _aunmediated
_bn
_2rdamedia
338 _avolume
_bnc
_2rdacarrier
940 _aidficha_siabuc: 10951. -- ficha_no_siabuc:11218
999 _c50636
_d50636